|
|
|
|
| LEADER |
01971nam a2200457 i 4500 |
| 001 |
EBC4339902 |
| 003 |
MiAaPQ |
| 005 |
20200520144314.0 |
| 006 |
m o d | |
| 007 |
cr cnu|||||||| |
| 008 |
160209t20152015enk ob 000 0 eng d |
| 020 |
|
|
|z 9781785604638
|
| 020 |
|
|
|a 9781785604621
|q (electronic bk.)
|
| 035 |
|
|
|a (MiAaPQ)EBC4339902
|
| 035 |
|
|
|a (Au-PeEL)EBL4339902
|
| 035 |
|
|
|a (CaPaEBR)ebr11146873
|
| 035 |
|
|
|a (OCoLC)927296905
|
| 040 |
|
|
|a MiAaPQ
|b eng
|e rda
|e pn
|c MiAaPQ
|d MiAaPQ
|
| 050 |
|
4 |
|a HD30.28
|b .B875 2015
|
| 082 |
0 |
|
|a 658.4012
|2 23
|
| 245 |
0 |
0 |
|a Business models and modelling /
|c edited by Charles Baden-Fuller, Vincent Mangematin.
|
| 250 |
|
|
|a First edition.
|
| 264 |
|
1 |
|a Bingley, England :
|b Emerald,
|c 2015.
|
| 264 |
|
4 |
|c 2015
|
| 300 |
|
|
|a 1 online resource (345 pages).
|
| 336 |
|
|
|a text
|2 rdacontent
|
| 337 |
|
|
|a computer
|2 rdamedia
|
| 338 |
|
|
|a online resource
|2 rdacarrier
|
| 490 |
1 |
|
|a Advances in Strategic Management ;
|v Volume 33
|
| 504 |
|
|
|a Includes bibliographical references at the end of each chapters.
|
| 588 |
|
|
|a Description based on online resource; title from PDF title page (ebrary, viewed February 5, 2016).
|
| 590 |
|
|
|a Electronic reproduction. Ann Arbor, MI : ProQuest, 2016. Available via World Wide Web. Access may be limited to ProQuest affiliated libraries.
|
| 650 |
|
0 |
|a Strategic planning
|x Mathematical models.
|
| 650 |
|
0 |
|a Industrial management
|x Mathematical models.
|
| 655 |
|
4 |
|a Electronic books.
|
| 700 |
1 |
|
|a Baden-Fuller, Charles,
|e editor.
|
| 700 |
1 |
|
|a Mangematin, V.,
|e editor.
|
| 776 |
0 |
8 |
|i Print version:
|t Business models and modelling.
|b First edition.
|d Bingley, England : Emerald, c2015
|h approximately 345 pages
|k Advances in strategic management ; Volume 33.
|z 9781785604638
|
| 797 |
2 |
|
|a ProQuest (Firm)
|
| 830 |
|
0 |
|a Advances in strategic management ;
|v Volume 33.
|
| 856 |
4 |
0 |
|u https://ebookcentral.proquest.com/lib/matrademy/detail.action?docID=4339902
|z Click to View
|